El delincuente honrado (Record no. 156463)

MARC details
000 -LEADER
campo de control de longitud fija 00764nam a2200193 i 4500
001 - NÚMERO DE CONTROL
campo de control 156463
003 - IDENTIFICADOR DE NÚMERO DE CONTROL
campo de control ES-MaACL
005 - FECHA Y HORA DE LA ÚLTIMA TRANSACCIÓN
campo de control 20240118063006.0
008 - DATOS DE LONGITUD FIJA--INFORMACIÓN GENERAL
campo de control de longitud fija 000204s1877 sp |||| | spa d
040 ## - FUENTE DE CATALOGACIÓN
Centro catalogador/agencia de origen CAM
Lengua de catalogación spa
Centro/agencia transcriptor CAM
100 1# - ENTRADA PRINCIPAL--NOMBRE DE PERSONA
Nombre de persona Jovellanos, Gaspar Melchor de,
Fechas asociadas al nombre 1744-1811
9 (RLIN) 222580
245 13 - MENCIÓN DEL TÍTULO
Título El delincuente honrado
Resto del título : drama en cinco actos /
Mención de responsabilidad, etc. de Gaspar Melchor de Jovellanos.
260 ## - PUBLICACIÓN, DISTRIBUCIÓN, ETC.
Lugar de publicación, distribución, etc. Valencia :
Nombre del editor, distribuidor, etc. Terraza y Aliena,
Fecha de publicación, distribución, etc. 1877 (
Fabricante imp. de J. Guix)
300 ## - DESCRIPCIÓN FÍSICA
Extensión 60 p. ;
Dimensiones 17 cm.
490 1# - MENCIÓN DE SERIE
Mención de serie Obras dramáticas escogidas
830 0# - PUNTO DE ACCESO ADICIONAL DE SERIE-TÍTULO UNIFORME
Título uniforme Obras dramáticas escogidas
9 (RLIN) 221673
852 ## - LOCALIZACIÓN
Ubicación ES-MaACL
Número de control de estantería D-703(1)
Nota libre -- Enc. hol., conservando la enc. editorial
-- -- Legado M. de la Fuente
-- -- Enc. en un vol. facticio
Holdings
Estatus retirado Estado de pérdida Estado de daño No para préstamo Colección Biblioteca de origen Biblioteca actual Ubicación en estantería Fecha de adquisición Fuente de adquisición Total de préstamos Signatura topográfica completa Código de barras Visto por última vez Precio de reemplazo Tipo de ítem Koha
        Libros del s. XIX Biblioteca del Ateneo de Madrid Biblioteca del Ateneo de Madrid Sala Valle Inclán 17/01/2008     D-703(1) 901163694 23/02/2023 23/02/2023 Libro impreso antiguo